Manažment informačných systémov

Salvato in:
Dettagli Bibliografici
Autore principale: Horniaková, Veronika, 1990-
Ente Autore: Ekonomická univerzita v Bratislave. Fakulta hospodárskej informatiky
Altri autori: Bandurič, Igor, 1980-, Molnár, Tomáš
Natura: Libro
Lingua:slovacco
Pubblicazione: Bratislava Občianske združenie 5V 2022
Edizione:1. vydanie
Soggetti:
Tags: Aggiungi Tag
Nessun Tag, puoi essere il primo ad aggiungerne!!

MARC

LEADER 00000nam a2200000 4500
001 0297686
005 20250114114120.5
020 |a 978-80-974484-5-5 
020 |a 978-80-974484-4-8 
041 0 |a slo 
044 |a SK 
245 1 0 |a Manažment informačných systémov  |c Veronika Horniaková ; recenzenti: Igor Bandurič, Tomáš Molnár 
250 |a 1. vydanie 
264 1 |a Bratislava  |b Občianske združenie 5V  |c 2022 
300 |a 98 s. [4,60 AH] 
610 2 0 |a manažment 
610 2 0 |a systémy informačné 
610 2 0 |a manažment informačný 
610 2 0 |a technológie informačné 
610 2 0 |a riadenie strategické 
610 2 0 |a riadenie projektov 
610 2 0 |a riadenie zmien 
610 2 0 |a riadenie rizík 
610 2 0 |a bezpečnosť informačná 
610 2 0 |a audit 
100 1 |a Horniaková, Veronika, 1990- 
700 1 |a Bandurič, Igor, 1980- 
700 1 |a Molnár, Tomáš 
710 2 |a Ekonomická univerzita v Bratislave. Fakulta hospodárskej informatiky